Antología poética / (Record no. 187255)

MARC details
000 -LEADER
campo de control de longitud fija 00939nam a2200253 i 4500
001 - NÚMERO DE CONTROL
campo de control 187255
003 - IDENTIFICADOR DE NÚMERO DE CONTROL
campo de control SpMaBN
005 - FECHA Y HORA DE LA ÚLTIMA TRANSACCIÓN
campo de control 20250702063130.0
008 - DATOS DE LONGITUD FIJA--INFORMACIÓN GENERAL
campo de control de longitud fija 170519e1993 ck cf |||| | spa d
080 ## - NÚMERO DE LA CLASIFICACIÓN DECIMAL UNIVERSAL
Número de la Clasificación Decimal Universal 821.134.2(861)-14"19"
100 1# - ENTRADA PRINCIPAL--NOMBRE DE PERSONA
Nombre de persona Quessep, Giovanni,
Fechas asociadas al nombre 1939-
9 (RLIN) 162748
Término indicativo de función/relación Autor
245 10 - MENCIÓN DEL TÍTULO
Título Antología poética /
Mención de responsabilidad, etc. Giovanni Quessep ; prólogo de Hernán Reyes Peñaranda.
260 ## - PUBLICACIÓN, DISTRIBUCIÓN, ETC.
Lugar de publicación, distribución, etc. Santafé de Bogotá :
Nombre del editor, distribuidor, etc. Instituto Caro y Cuervo,
Fecha de publicación, distribución, etc. 1993.
300 ## - DESCRIPCIÓN FÍSICA
Extensión 154 páginas, [1] hoja de lámina retrato ;
Dimensiones 20 cm.
490 1# - MENCIÓN DE SERIE
Mención de serie La granada entreabierta ;
Designación de volumen o secuencia 63
655 #7 - TERMINO DE INDIZACIÓN--GENERO/FORMA
Fuente del término tgfbne
9 (RLIN) 176539
Datos o término principal de género/forma Poesías
700 1# - ENTRADA AGREGADA--NOMBRE PERSONAL
Nombre de persona Peñaranda, Hernán Reyes.
9 (RLIN) 162750
Término indicativo de función/relación Autor de introducción
710 2# - ENTRADA AGREGADA--NOMBRE DE ENTIDAD CORPORATIVA
Nombre de entidad corporativa o nombre de jurisdicción como elemento de entrada Instituto Caro y Cuervo.
9 (RLIN) 4806
Término indicativo de función/relación Editor
830 0# - PUNTO DE ACCESO ADICIONAL DE SERIE-TÍTULO UNIFORME
Título uniforme La granada entreabierta ;
Designación de volumen o secuencia 63
9 (RLIN) 192760
852 1# - LOCALIZACIÓN
Ubicación BA
Ubicación en estantería Depósito 2
Donativo/Legado Donat. Viuda Antonio Tovar
Número de control de estantería L-31607
942 ## - ELEMENTOS DE ENTRADA SECUNDARIOS (KOHA)
Fuente del sistema de clasificación o colocación Clasificación decimal universal
Tipo de ítem Koha Libro impreso
Suprimir en OPAC No
Holdings
Estatus retirado Estado de pérdida Fuente del sistema de clasificación o colocación Estado de daño No para préstamo Biblioteca de origen Biblioteca actual Ubicación en estantería Fecha de adquisición Fuente de adquisición Total de préstamos Signatura topográfica completa Código de barras Visto por última vez Tipo de ítem Koha
    Clasificación decimal universal     Biblioteca del Ateneo de Madrid Biblioteca del Ateneo de Madrid Depósito 2 19/05/2017 Donación   L-31607 1197605 23/02/2023 Libro impreso